[Event "Medellin Castro Memorial op-A 31st"]
[Site "Medellin"]
[Date "2024.08.11"]
[Round "9"]
[White "Tobon Velasquez, Sebastian"]
[Black "Ruiz Jaraba, Valentina Sofia"]
[Result "0-1"]
[WhiteElo "1912"]
[BlackElo "1971"]
[PlyCount "82"]
[EventDate "2024.08.07"]
[EventType "swiss"]
[EventRounds "10"]
[EventCountry "COL"]
[SourceTitle "CBM 221 Extra"]
[Source "ChessBase"]
[SourceDate "2024.09.30"]
[SourceVersion "1"]
[SourceVersionDate "2024.09.30"]
[SourceQuality "1"]

1. e4 c5 2. Nf3 a6 3. c4 Nc6 4. Nc3 e5 5. d3 g6 6. Be2 Bg7 7. 0-0 Nge7 8. Be3 d6 9. Qd2 0-0 10. Ne1 f5 11. Bg5 f4 12. Nd5 h6 13. Bxe7 Nxe7 14. Nxe7+ Qxe7 15. b4 Bd7 16. a4 a5 17. bxa5 Qd8 18. Nc2 Rxa5 19. Rfb1 b6 20. Ne1 Qc7 21. Qb2 Rb8 22. Bd1 Bf6 23. Ra3 Bd8 24. Rba1 Rba8 25. R1a2 Kh7 26. Bb3 Qa7 27. Nc2 Bc6 28. f3 Bh4 29. Qc1 Qe7 30. Qd1 Qd7 31. Na1 b5 32. cxb5 Bxb5 33. Qc2 Qa7 34. Kf1 Rc8 35. Qc3 c4 36. dxc4 Bxc4+ 37. Bxc4 Rac5 38. Qd2 Rxc4 39. Nb3 Qa6 40. Kg1 Qb6+ 41. Kf1 Rc3 0-1

[Event "Medellin Castro Memorial op-A 31st"]
[Site "Medellin"]
[Date "2024.08.07"]
[Round "1"]
[White "Mogollon Tobar, Nicolle Juliet"]
[Black "Tobon Velasquez, Sebastian"]
[Result "0-1"]
[WhiteElo "2134"]
[BlackElo "1912"]
[PlyCount "56"]
[EventDate "2024.08.07"]
[EventType "swiss"]
[EventRounds "10"]
[EventCountry "COL"]
[SourceTitle "CBM 221 Extra"]
[Source "ChessBase"]
[SourceDate "2024.09.30"]
[SourceVersion "1"]
[SourceVersionDate "2024.09.30"]
[SourceQuality "1"]

1. e4 c5 2. Nf3 e6 3. d4 cxd4 4. Nxd4 Nc6 5. Nc3 Nf6 6. Nxc6 bxc6 7. e5 Nd5 8. Ne4 Qc7 9. f4 Qb6 10. c4 Bb4+ 11. Ke2 Ba6 12. Kf3 f5 13. exf6 Nxf6 14. c5 Qa5 15. Nd6+ Ke7 16. Bxa6 Qxa6 17. Qd4 Bxc5 18. Nf5+ exf5 19. Qxc5+ Kf7 20. Qxf5 Rhe8 21. Qc2 Re4 22. a4 Rae8 23. Ra3 Qa5 24. g4 Qd5 25. Kg3 Nxg4 26. Rd1 Qe6 27. Qc5 Nf6 28. h3 Re2 0-1

[Event "COL-ch sf"]
[Site "Pereira"]
[Date "2024.03.30"]
[Round "9"]
[White "Lopez Idarraga, Daniel Eduardo"]
[Black "Tobon Velasquez, Sebastian"]
[Result "0-1"]
[WhiteElo "2010"]
[BlackElo "1876"]
[PlyCount "56"]
[EventDate "2024.03.26"]
[EventType "swiss"]
[EventRounds "11"]
[EventCountry "COL"]
[SourceTitle "CBM 219 Extra"]
[Source "ChessBase"]
[SourceDate "2024.05.31"]
[SourceVersion "1"]
[SourceVersionDate "2024.05.31"]
[SourceQuality "1"]

1. d4 d5 2. Bf4 c5 3. e3 cxd4 4. exd4 Nc6 5. c3 Nf6 6. Nf3 e6 7. Bd3 Bd6 8. Bg3 Rb8 9. Nbd2 0-0 10. Ne5 Qc7 11. f4 b5 12. a3 a5 13. 0-0 b4 14. axb4 axb4 15. Bh4 Be7 16. Qf3 g6 17. Rae1 Ne4 18. Nxc6 Bxh4 19. Nxe4 dxe4 20. Bxe4 Bxe1 21. Nxb8 Bh4 22. Nc6 f5 23. Bc2 Bb7 24. d5 bxc3 25. bxc3 Bf6 26. c4 Bxc6 27. dxc6 Rc8 28. Ba4 Qa7+ 0-1

[Event "Medellin de La Raza U2000 op"]
[Site "Medellin"]
[Date "2023.10.16"]
[Round "8"]
[White "Laverde, Luis Eduardo"]
[Black "Tobon Velasquez, Sebastian"]
[Result "0-1"]
[WhiteElo "1954"]
[BlackElo "1761"]
[PlyCount "107"]
[EventDate "2023.10.12"]
[EventType "swiss"]
[EventRounds "9"]
[EventCountry "COL"]
[SourceTitle "CBM 216 Extra"]
[Source "ChessBase"]
[SourceDate "2023.11.30"]
[SourceVersion "1"]
[SourceVersionDate "2023.11.30"]
[SourceQuality "1"]

1. Nf3 Nf6 2. c4 c5 3. g3 Nc6 4. Bg2 d5 5. cxd5 Nxd5 6. 0-0 e5 7. d3 Be7 8. Nbd2 0-0 9. Nc4 f6 10. a3 Be6 11. Bd2 Qd7 12. Re1 Rac8 13. Rc1 Rfd8 14. Ne3 Nb6 15. Bc3 Nd4 16. Nd2 Kh8 17. Ba5 Qb5 18. Nec4 Nxc4 19. Bxd8 Nxb2 20. Rb1 Bxd8 21. Qc1 Nxd3 22. exd3 Qxd3 23. Bxb7 Rc7 24. Bg2 Ne2+ 25. Rxe2 Qxe2 26. Bf1 Qg4 27. Rb8 Qd4 28. Bc4 Bxc4 29. Nxc4 h6 30. Ne3 Rd7 31. Rc8 Kh7 32. Rxc5 Bb6 33. Rc4 Qd3 34. Rc3 Qd2 35. Qb1+ g6 36. Rc2 Qd3 37. Nf1 h5 38. Qb2 Qf3 39. Qb5 Rd1 40. Qe8 Rxf1+ 41. Kxf1 Qd1+ 42. Kg2 Qxc2 43. Qf7+ Kh6 44. Qf8+ Kg5 45. h4+ Kf5 46. Kh3 Qxf2 47. Qc8+ Ke4 48. Qc4+ Ke3 49. Qc3+ Ke2 50. Qc2+ Kf3 51. Qd3+ Be3 52. Qd1+ Qe2 53. Qh1+ Kf2 54. Kh2 0-1

[Event "Medellin de La Raza U2000 op"]
[Site "Medellin"]
[Date "2023.10.16"]
[Round "9"]
[White "Tobon Velasquez, Sebastian"]
[Black "Rios Parra, Juan Fernando"]
[Result "1-0"]
[WhiteElo "1761"]
[BlackElo "1882"]
[PlyCount "33"]
[EventDate "2023.10.12"]
[EventType "swiss"]
[EventRounds "9"]
[EventCountry "COL"]
[SourceTitle "CBM 216 Extra"]
[Source "ChessBase"]
[SourceDate "2023.11.30"]
[SourceVersion "1"]
[SourceVersionDate "2023.11.30"]
[SourceQuality "1"]

1. e4 c5 2. Nf3 d6 3. d4 cxd4 4. Nxd4 Nf6 5. Nc3 a6 6. Be3 e6 7. Bc4 b5 8. Bb3 b4 9. Na4 Nxe4 10. 0-0 d5 11. f4 f5 12. Nxf5 Bb7 13. Nd4 Qd6 14. f5 e5 15. Qh5+ g6 16. fxg6 Qxg6 17. Qxe5+ 1-0

[Event "Medellin Flores op 30th"]
[Site "Medellin"]
[Date "2023.08.05"]
[Round "5"]
[White "Luna Monsalve, Sofia"]
[Black "Tobon Velasquez, Sebastian"]
[Result "0-1"]
[WhiteElo "1500"]
[BlackElo "1787"]
[PlyCount "40"]
[EventDate "2023.08.03"]
[EventType "swiss"]
[EventRounds "9"]
[EventCountry "COL"]
[SourceTitle "EXT 2024"]
[Source "ChessBase"]
[SourceDate "2023.10.10"]
[SourceVersion "1"]
[SourceVersionDate "2023.10.10"]
[SourceQuality "1"]

1. d4 d5 2. c4 c6 3. cxd5 cxd5 4. Nc3 e5 5. dxe5 d4 6. Ne4 Qa5+ 7. Bd2 Qxe5 8. Ng3 Nc6 9. Nf3 Qd5 10. a3 Bg4 11. h3 Bxf3 12. gxf3 0-0-0 13. Rc1 Kb8 14. Bg2 Bd6 15. Ne4 Bc7 16. 0-0 f5 17. Nc5 f4 18. Qa4 Nge7 19. Qb5 Bb6 20. Bxf4+ Ka8 0-1

[Event "Sabaneta op-B 2nd"]
[Site "Sabaneta Antioquia"]
[Date "2023.07.03"]
[Round "9"]
[White "Zapata Cuartas, Juan Carlos"]
[Black "Tobon Velasquez, Sebastian"]
[Result "1-0"]
[WhiteElo "1976"]
[BlackElo "1785"]
[PlyCount "51"]
[EventDate "2023.06.28"]
[EventType "swiss"]
[EventRounds "9"]
[EventCountry "COL"]
[SourceTitle "EXT 2024"]
[Source "ChessBase"]
[SourceDate "2023.10.10"]
[SourceVersion "1"]
[SourceVersionDate "2023.10.10"]
[SourceQuality "1"]

1. d4 Nf6 2. c4 e6 3. Nf3 d5 4. Nc3 c6 5. Bg5 dxc4 6. e4 b5 7. e5 h6 8. Bh4 g5 9. Nxg5 hxg5 10. Bxg5 Nbd7 11. g3 Bb7 12. Bg2 Qb6 13. exf6 c5 14. d5 0-0-0 15. 0-0 b4 16. Na4 Qb5 17. a3 exd5 18. axb4 cxb4 19. Qd4 Nc5 20. Qg4+ Kb8 21. Bf4+ Ka8 22. Bc7 Nxa4 23. Bxd8 Nxb2 24. Be7 Bh6 25. Qd4 Na4 26. Rxa4 1-0

[Event "Sabaneta op-B 2nd"]
[Site "Sabaneta Antioquia"]
[Date "2023.07.02"]
[Round "6"]
[White "Tobon Velasquez, Sebastian"]
[Black "Laverde, Luis Eduardo"]
[Result "0-1"]
[WhiteElo "1785"]
[BlackElo "1938"]
[PlyCount "112"]
[EventDate "2023.06.28"]
[EventType "swiss"]
[EventRounds "9"]
[EventCountry "COL"]
[SourceTitle "EXT 2024"]
[Source "ChessBase"]
[SourceDate "2023.10.10"]
[SourceVersion "1"]
[SourceVersionDate "2023.10.10"]
[SourceQuality "1"]

1. e4 c5 2. Nf3 d6 3. d4 Nf6 4. Nc3 cxd4 5. Nxd4 a6 6. Be3 Ng4 7. Bg5 h6 8. Bh4 Nc6 9. Be2 Nge5 10. f4 Ng6 11. Bg3 e6 12. Qd2 Be7 13. 0-0-0 0-0 14. Kb1 Bd7 15. Rhf1 Rc8 16. Nxc6 Bxc6 17. f5 Ne5 18. Qe3 Bf6 19. Bf4 Qe7 20. g4 Bb5 21. Nxb5 axb5 22. Bxb5 Rc5 23. Be2 Rfc8 24. Rd2 Qc7 25. Qb3 exf5 26. exf5 Rc6 27. Bb5 Rb6 28. Be3 Rxb5 29. Qxb5 Nc4 30. Qb3 Re8 31. Bf4 Re4 32. Rdd1 Bxb2 33. Bc1 Bf6 34. Rf4 Na5 35. Rxe4 Nxb3 36. axb3 Qc3 37. Ra4 Kh7 38. h4 Bxh4 39. Bb2 Qc6 40. Rad4 Bg3 41. Rd5 Qe8 42. f6 gxf6 43. Bxf6 Qe6 44. g5 Bf4 45. R5d4 hxg5 46. Bd8 Kg6 47. Bc7 f6 48. Bxd6 Bxd6 49. Rxd6 Qe4 50. Rf1 Qe5 51. Rb6 g4 52. Rxb7 f5 53. Rb4 Kg5 54. Rbf4 Qxf4 55. Rxf4 Kxf4 56. b4 g3 0-1

[Event "Sabaneta op-B 2nd"]
[Site "Sabaneta Antioquia"]
[Date "2023.06.28"]
[Round "1"]
[White "Tobon Velasquez, Sebastian"]
[Black "Vargas, Jennyfer Mariana"]
[Result "1-0"]
[WhiteElo "1785"]
[BlackElo "1500"]
[PlyCount "53"]
[EventDate "2023.06.28"]
[EventType "swiss"]
[EventRounds "9"]
[EventCountry "COL"]
[SourceTitle "EXT 2024"]
[Source "ChessBase"]
[SourceDate "2023.10.10"]
[SourceVersion "1"]
[SourceVersionDate "2023.10.10"]
[SourceQuality "1"]

1. e4 e5 2. Nf3 Nc6 3. Bb5 a6 4. Ba4 Nf6 5. d4 Bd6 6. Bxc6 bxc6 7. dxe5 Bxe5 8. Nxe5 0-0 9. 0-0 d6 10. Nxc6 Qe8 11. Nd4 Bg4 12. f3 Bd7 13. Nc3 Qe7 14. Bg5 h6 15. Nd5 Qe8 16. Bxf6 gxf6 17. Nxf6+ Kg7 18. Nxe8+ Rfxe8 19. Nf5+ Kg6 20. Qd4 Bxf5 21. exf5+ Kxf5 22. Qg7 Rg8 23. Qxf7+ Kg5 24. f4+ Kh4 25. g3+ Kg4 26. Kg2 Rgf8 27. h3# 1-0

[Event "Sabaneta op-B 1st"]
[Site "Sabaneta"]
[Date "2022.11.29"]
[Round "6"]
[White "Tobon Velasquez, Sebastian"]
[Black "Guerrero Caicedo, Arlette Sabina"]
[Result "1-0"]
[WhiteElo "1769"]
[BlackElo "1628"]
[PlyCount "79"]
[EventDate "2022.11.25"]
[EventType "swiss"]
[EventRounds "8"]
[EventCountry "COL"]
[SourceTitle "CBM 211 Extra"]
[Source "ChessBase"]
[SourceDate "2023.01.31"]
[SourceVersion "1"]
[SourceVersionDate "2023.01.31"]
[SourceQuality "1"]

1. e4 d5 2. exd5 Nf6 3. d4 Qxd5 4. Nc3 Qd8 5. Nf3 Bf5 6. Ne5 c6 7. g4 Be6 8. h3 Nbd7 9. Nd3 Bc4 10. Bg2 Nd5 11. Ne2 e6 12. b3 Bxd3 13. Qxd3 Bd6 14. c4 Bb4+ 15. Kf1 Ne7 16. Bb2 0-0 17. d5 e5 18. a3 Bc5 19. b4 Qb6 20. bxc5 Qxb2 21. Rb1 Nxc5 22. Rxb2 Nxd3 23. Rxb7 Rab8 24. dxc6 e4 25. Bxe4 Rxb7 26. cxb7 Nc5 27. Bf3 f5 28. Kg2 fxg4 29. hxg4 Ng6 30. Bd5+ Kh8 31. Rb1 Rb8 32. Rb5 Nd3 33. Be4 Ndf4+ 34. Nxf4 Nxf4+ 35. Kf3 Ne6 36. Ke3 g6 37. Re5 Nf8 38. Re7 Rd8 39. c5 Nd7 40. Rxd7 1-0

[Event "Departamental Tercera Antioquia"]
[Site "Medellin"]
[Date "2014.03.03"]
[Round "4.6"]
[White "Tobon Velasquez, Sebastian"]
[Black "Uribe Roman, Alejandro"]
[Result "1-0"]
[WhiteElo "1637"]
[BlackElo "1721"]
[PlyCount "77"]
[EventDate "2014.02.24"]
[EventType "swiss"]
[EventRounds "7"]
[EventCountry "COL"]
[SourceTitle "EXT 2024"]
[Source "ChessBase"]
[SourceDate "2023.10.10"]
[SourceVersion "1"]
[SourceVersionDate "2023.10.10"]
[SourceQuality "1"]

1. e4 c5 2. Nf3 d6 3. d4 cxd4 4. Nxd4 Nf6 5. Nc3 a6 6. Bc4 e6 7. Bb3 Be7 8. 0-0 Qc7 9. Qf3 Nc6 10. Rd1 0-0 11. Qg3 Bd7 12. Bg5 Rac8 13. Nde2 Rfd8 14. Bxf6 Bxf6 15. Qxd6 Nd4 16. Rxd4 Bxd4 17. Qxd4 Bc6 18. Qe3 b5 19. f3 b4 20. Nd1 Bb5 21. Nf2 a5 22. a4 Ba6 23. Nd3 Bc4 24. Bxc4 Qxc4 25. Rc1 h6 26. b3 Qa6 27. Nb2 Rd7 28. Nc4 Rcd8 29. Nf4 f6 30. Nd3 Rd4 31. Re1 Qc6 32. Re2 Qc7 33. e5 f5 34. Nd6 Rd5 35. f4 Kh7 36. h3 Rd7 37. Kh2 Qd8 38. Qg3 Qc7 39. h4 1-0

[Event "Departamental Tercera Antioquia"]
[Site "Medellin"]
[Date "2014.02.24"]
[Round "1.1"]
[White "Ramirez Montoya, Jorge A"]
[Black "Tobon Velasquez, Sebastian"]
[Result "0-1"]
[WhiteElo "1794"]
[BlackElo "1637"]
[PlyCount "70"]
[EventDate "2014.02.24"]
[EventType "swiss"]
[EventRounds "7"]
[EventCountry "COL"]
[SourceTitle "EXT 2024"]
[Source "ChessBase"]
[SourceDate "2023.10.10"]
[SourceVersion "1"]
[SourceVersionDate "2023.10.10"]
[SourceQuality "1"]

1. e4 c5 2. Nc3 d6 3. Bb5+ Bd7 4. a4 Nf6 5. d3 Nc6 6. Bxc6 bxc6 7. f4 e6 8. Nf3 Be7 9. 0-0 Qc7 10. Qe1 g6 11. b3 Nh5 12. Bb2 f6 13. Qe3 0-0 14. g4 Ng7 15. f5 g5 16. h4 h6 17. hxg5 hxg5 18. Nxg5 fxg5 19. Ne2 Qd8 20. e5 exf5 21. e6 Bxe6 22. Bxg7 Kxg7 23. Qxe6 Rf6 24. Qe3 f4 25. Qe4 d5 26. Qe5 Qd7 27. Rf2 Kg6 28. Raf1 Raf8 29. c4 Bd6 30. Nxf4+ Rxf4 31. Qe2 Qxg4+ 32. Qxg4 Rxg4+ 33. Rg2 Rxg2+ 34. Kxg2 Rxf1 35. Kxf1 Kf5 0-1

[Event "Pan American-ch U20"]
[Site "Cali"]
[Date "2005.10.16"]
[Round "1"]
[White "Alvarez, Anderson"]
[Black "Tobon Velasquez, Sebastian"]
[Result "1-0"]
[WhiteElo "1800"]
[BlackElo "1800"]
[PlyCount "41"]
[EventDate "2005.10.16"]
[EventType "swiss"]
[EventRounds "9"]
[EventCountry "COL"]
[SourceTitle "EXT 2007"]
[Source "ChessBase"]
[SourceDate "2006.11.23"]
[SourceVersion "1"]
[SourceVersionDate "2006.11.23"]
[SourceQuality "1"]

1. e4 c5 2. Nf3 d6 3. d4 cxd4 4. Nxd4 Nf6 5. Nc3 g6 6. f3 Bg7 7. Be3 0-0 8. Qd2 Nc6 9. 0-0-0 Bd7 10. g4 Qa5 11. Nb3 Qd8 12. h4 a5 13. h5 a4 14. Nd4 Nxd4 15. Bxd4 b5 16. hxg6 fxg6 17. Qh2 b4 18. Bxf6 exf6 19. Bc4+ Rf7 20. Qxh7+ Kf8 21. Qxg6 1-0